[Event "GER-chT U12"]
[Site "Magdeburg"]
[Date "2016.12.28"]
[Round "3.4"]
[White "Reyer, Moritz"]
[Black "Rosenhain, Jonathan"]
[Result "1-0"]
[WhiteElo "1019"]
[BlackElo "1360"]
[PlyCount "115"]
[EventDate "2016.12.27"]
[EventType "team-swiss"]
[EventRounds "7"]
[EventCountry "GER"]
[SourceTitle "EXT 2018"]
[Source "ChessBase"]
[SourceDate "2017.10.13"]
[SourceVersion "1"]
[SourceVersionDate "2017.10.13"]
[SourceQuality "1"]
[WhiteTeam "Rheydt"]
[BlackTeam "Berlin Schachpinguine"]
[WhiteTeamCountry "GER"]
[BlackTeamCountry "GER"]

1. e4 e5 2. Nf3 Nc6 3. Bb5 a6 4. Bxc6 dxc6 5. d3 Bg4 6. h3 Bh5 7. g4 Bg6 8. Nxe5 Bc5 9. Be3 Bd4 10. Nxg6 hxg6 11. Bxd4 Qxd4 12. Nc3 Qb4 13. Qc1 0-0-0 14. a3 Qb6 15. Na4 Qa5+ 16. Nc3 Nf6 17. Qf4 Qb6 18. 0-0-0 Rdf8 19. Rde1 Nd7 20. e5 Nc5 21. Ne4 Ne6 22. Qf3 f5 23. exf6 gxf6 24. Nxf6 Ng5 25. Qf4 Nxh3 26. Qe5 Qb5 27. Qe6+ Kb8 28. Nd7+ Ka7 29. Nxf8 Qg5+ 30. Qe3+ Qxe3+ 31. Rxe3 Rxf8 32. Rhxh3 Rxf2 33. Rh7 Rg2 34. Ree7 Rxg4 35. Rxc7 Rg1+ 36. Kd2 Kb6 37. b4 Kb5 38. c4+ Ka4 39. Kc2 Rg2+ 40. Kc3 Kxa3 41. Rh1 Ka2 42. Rxb7 Rb2 43. Ra7 Rb3+ 44. Kd4 Ra3 45. Rc1 Kb2 46. Re1 Kb3 47. b5 cxb5 48. cxb5 Ra4+ 49. Kc5 axb5 50. Rxa4 bxa4 51. d4 a3 52. d5 g5 53. d6 g4 54. d7 a2 55. d8Q Kb2 56. Qd2+ Kb3 57. Re3+ Ka4 58. Qb4# 1-0